000 00526nam a22001577a 4500
003 macl
005 20201003155215.0
008 201003b xxu||||| |||| 00| 0 eng d
040 _cmacl
082 _a001
100 _aपी एस मीणा
_979936
245 _aवस्‍तुनिष्‍ठ मध्‍यप्रदेश सामान्‍य ज्ञान 2021
260 _aइन्‍दौर
_bपुणेकर
650 _a सामान्‍य ज्ञान
_9328
942 _2ddc
_cHIN
999 _c63476
_d63476